| 000 | 00531nam a2200205Ia 4500 | ||
|---|---|---|---|
| 005 | 20240328092035.0 | ||
| 008 | 140110s9999 xx 000 0 und d | ||
| 020 |
_a9788120316287 _cRs.195.00 |
||
| 040 | _aLoreto College | ||
| 041 | _aEnglish | ||
| 082 |
_a512.5 _bKUM |
||
| 100 | _aKumaresan,S. | ||
| 245 |
_aLinear Algebra _bA geomatric approach _cS.Kumaresan |
||
| 260 |
_aNew Delhi _bPHI Learning _c2011 |
||
| 300 | _axiii,218p | ||
| 504 | _aIncludes index | ||
| 650 | _aLinear Algebra | ||
| 850 | _aLCLIB | ||
| 942 | _cBK | ||
| 999 |
_c38059 _d88538 |
||